Responses for show #3789 - Thursday, February 8, 2001

2001 Celebrity Jeopardy! game 4.
From the Las Vegas Hilton.

Contestants

[<< previous game]

Kevin Sorbo, an actor from Andromeda

Jane Krakowski, an actress from Ally McBeal

Mike Piazza, a catcher from the New York Mets

[next game >>]

Jeopardy! Round responses

LONG LIVE THE KING!
CIRCUS CIRCUS
STATE CAPITALS
THINGS THAT EXPLODE
FUTURE CASINOS?
"V" WORDS
    $100 2
"Hound Dog"

Mike
    $100 7
clowns

Jane
    $100 1
Denver

Kevin
    $100 4
gas tank

Jane
    $100 17
Canada

Mike
    $100 5
(Alex: From the Monte Carlo Hotel, ladies & gentlemen, in Las Vegas, please welcome master magician Lance Burton.)
(Lance: Thank you, thank you, folks! This is my little friend Elvis & he has a trick he's going to do for you; it's called "Going South"; oh, I'm sorry, Elvis; he won't do the trick unless the cage is covered so you can't see him.)
[clue]
(Lance: Say goodnight, Elvis...Elvis has left the building!)

vanish

Mike
    $200 16
banana

Mike
    $200 8
(Jane: What is a freak show?)
(Alex: Be more specific.)

the bearded lady

Jane
    $200 3
(Kevin: What is Sacramento?)

Honolulu

Kevin
Triple Stumper
    $200 12
gunpowder

Kevin
    $200 18
Holland/the Netherlands

Triple Stumper
    $300 15
(Jane: Take that, Hercules!)

"Heartbreak Hotel"

Jane
    $300 9
Bailey

Mike
    $300 6
Boston

Triple Stumper
    $300 24
(Kevin: What is a firecracker?)
....
[buzzer sounds to end the round]

Roman candle

MikeKevin
    $300 19
Scotland

Kevin
    $400 14
Viva Las Vegas

Kevin
    $400 21
fleas

Kevin
    $500 10
Phoenix

Mike
    $400 23
hand grenade

Mike
    $500 13
Colonel Tom Parker

Kevin
    $500 20
(Alex: We have about a minute left.)

The Greatest Show on Earth

Kevin
    $500 11
Atlanta

Mike
    $500 22
star

Mike

Scores at the first commercial break (after clue 10):

Mike Jane Kevin
$1,000 $400 -$100

Scores at the end of the Jeopardy! Round:

Mike Jane Kevin
$3,000 $700 $1,900

Double Jeopardy! Round responses

LONG LIVE THE KING!
(Alex: Again, perhaps a different king?)
VEGANS
LITERATURE
THE COCKTAIL HOUR
THE SAHARA
THAT'S SO CLICHE!
    $200 4
Christopher Columbus

Kevin
    $200 1
eggs

Triple Stumper
    $200 10
Moby Dick

Kevin
    $200 17
vodka

Mike
    $200 11
3,000,000

Triple Stumper
    $200 13
(Jane: What is a handbag?)
[Initially ruled incorrect; reversed before Final Jeopardy!]
(Kevin: What is a heartbeat?)
[Ruled incorrect but refunded]

handbasket

Jane
    $400 5
King Tut

Jane
    $400 2
vegetarian

Jane
    $400 18
flamingo

Jane
    $400 12
Arabic

Triple Stumper
    $400 14
the piper

Kevin
    $1,500 6
(Jane: Mom! I'm trying... I have no idea... I've lost all my money!)

James (I)

Jane
    $600 3
California

Kevin
    $600 19
(Alex: Less than a minute to go now.)

rum

Kevin
    $600 15
(Mike: What is the patience of a saint?)

Job

Mike
Triple Stumper
    $800 8
Henry VIII

Mike
    $800 7
Lindsay Wagner

Kevin
    $800 20
mint julep

Jane
    $800 16
(Kevin: I'd like to buy a vowel!)

hope

Triple Stumper
    $1000 9
Marie Antoinette

Mike
    $1000 22
calcium

Jane
    $1000 21
sidecar

Jane
    $1000 23
[The end-of-round signal sounds.]

humble pie

Mike

Scores at the end of the Double Jeopardy! Round:

Mike Jane Kevin
$5,400 $3,400 $4,700

[wagering suggestions for these scores]

Final Jeopardy! Round responses

POLITICIANS
(Alex: Who is he? I'll tell you now it's not Gray Davis or George Pataki!)
JaneWho ???
$0
KevinWho is Jesse Ventura?
$4,699
MikeWho Jesse Ventura
$4,500
Jesse Ventura

Final scores:

Mike Jane Kevin
$9,900 $3,400 $9,399
Winner: $15,000 for Leiters Landing 3rd place: $10,000 for Broadway Cares/Equity Fights AIDS 2nd place: $10,000 for A World Fit for Kids

Game dynamics:

Coryat scores:

Mike Jane Kevin
$5,300 $4,900 $4,700
14 R
(including 1 DD),
1 W
11 R,
1 W
(including 1 DD)
13 R,
2 W

Combined Coryat: $14,900

The J! Archive is created by fans, for fans. The Jeopardy! game show and all elements thereof, including but not limited to copyright and trademark thereto, are the property of Jeopardy Productions, Inc. and are protected under law. This website is not affiliated with, sponsored by, or operated by Jeopardy Productions, Inc. Join the discussion at JBoard.tv.